LEADER 01275nam 2200325 450 001 996575254403316 005 20231215231040.0 010 $a1-5044-8172-0 035 $a(CKB)4100000012873655 035 $a(NjHacI)994100000012873655 035 $a(EXLCZ)994100000012873655 100 $a20231215d2022 uy 0 101 0 $aeng 135 $aur||||||||||| 181 $ctxt$2rdacontent 182 $cc$2rdamedia 183 $acr$2rdacarrier 200 10$aC37.235-2021 - IEEE Guide for the Application of Rogowski Coils used for Protective Relaying Purposes /$fIEEE 210 1$aNew York :$cIEEE,$d2022. 215 $a1 online resource (57 pages) 330 $aGuidance for the use and application of Rogowski coils (RCs) (air-core current sensors) for protective relaying in electric power systems is described and provided in this guide. The selection and application of RCs for the more common protection schemes are also addressed. 606 $aElectric currents 615 0$aElectric currents. 676 $a537.6 801 0$bNjHacI 801 1$bNjHacl 906 $aDOCUMENT 912 $a996575254403316 996 $aC37.235-2021 - IEEE Guide for the Application of Rogowski Coils used for Protective Relaying Purposes$93882063 997 $aUNISA LEADER 01368nam 2200301la 450 001 9910481484603321 005 20230503102742.0 035 $a(UK-CbPIL)2090361978 035 $a(CKB)5500000000105670 035 $a(EXLCZ)995500000000105670 100 $a20230503d1528 uy | 101 0 $alat 135 $aurcn||||a|bb| 200 10$aActij Synceri Sannazarij de partu Virginis. Lamentatio de morte Christi. Piscatoria. Petri Bembi Benacus. Augustini Beatiani Verona et præterea, quæ in sequenti pagina continentur 210 $aVenice $cAldo Eredi di Manuzio, 1449 or 50-1515 & Torresanus, Andreas, de Asula, 1451-1529$d1528 215 $aOnline resource ([8], 67, [1] c., 8o.) 300 $aReproduction of original in Biblioteca Nazionale Centrale di Firenze. 700 $aSannazaro$b Jacopo$f1458-1530.$0221984 701 $aBeazzano$b Agostino$factive 16th century.$01891693 701 $aAsulanus$b Franciscus$f1546.$0850767 701 $aBembo$b Pietro$f1470-1547.$039289 701 $aManuzio$b Aldo$f1449 or 1450-1515.$0743643 801 0$bUk-CbPIL 801 1$bUk-CbPIL 906 $aBOOK 912 $a9910481484603321 996 $aActij Synceri Sannazarij de partu Virginis. Lamentatio de morte Christi. Piscatoria. Petri Bembi Benacus. Augustini Beatiani Verona et præterea, quæ in sequenti pagina continentur$94535642 997 $aUNINA